| Tag |
First Indicator |
Second Indicator |
Subfields |
| LEADER |
00000cam a2200000 a 4500 |
| 001 |
in00000098196 |
| 005 |
20160108111427.0 |
| 008 |
800813s1978 ve b 00010 spam |
| 010 |
|
|
|a 80108959
|
| 020 |
|
|
|c Bs28.00
|
| 035 |
|
|
|a (OCoLC)06709503
|
| 035 |
|
|
|9 AAK9562AM
|
| 040 |
|
|
|a DLC
|c DLC
|d TXA
|d UtOrBLW
|
| 043 |
|
|
|a s-ve---
|
| 049 |
|
|
|a TXAM
|c [1562065]
|
| 050 |
0 |
0 |
|a PN2551
|b A92
|
| 082 |
0 |
|
|a 792/0987
|2 19
|
| 100 |
1 |
|
|a Azparren Giménez, Leonardo,
|d 1941-
|
| 245 |
1 |
3 |
|a El teatro venezolano y otros teatros /
|c Leonardo Azparren Gimenez ; [portada, Juan Fresan].
|
| 264 |
|
1 |
|a Caracas, Venezuela :
|b Monte Avila Editores,
|c [1978]
|
| 264 |
|
4 |
|c ©1978
|
| 300 |
|
|
|a 247 pages ;
|c 18 cm.
|
| 336 |
|
|
|a text
|b txt
|2 rdacontent
|
| 337 |
|
|
|a unmediated
|b n
|2 rdamedia
|
| 338 |
|
|
|a volume
|b nc
|2 rdacarrier
|
| 490 |
0 |
|
|a Coleccion Estudios
|
| 504 |
|
|
|a Includes bibliographical references.
|
| 650 |
|
0 |
|a Theater
|z Venezuela.
|
| 650 |
|
0 |
|a Venezuelan drama
|y 20th century
|x History and criticism.
|
| 999 |
|
|
|a MARS
|
| 999 |
f |
f |
|s e311135b-d6a7-304b-ab9b-97eee01eda4e
|i 5ba64d06-ac47-3113-b35a-7568e7a138f0
|t 0
|
| 952 |
f |
f |
|p ric
|a Texas A&M University
|b Rellis Campus
|c Joint Library Facility
|d Remote Storage
|t 0
|e PN2551 A92
|h Library of Congress classification
|i unmediated -- volume
|m A14806027366
|
| 998 |
f |
f |
|a PN2551 A92
|t 0
|l Remote Storage
|